Challenges of Global Economic and Social Transformations Financial Markets, Structural Change and Economic Development

Uložené v:
Podrobná bibliografia
Ďalší autori: Dufrénot, Gilles, Matsuki, Takashi
Médium: Kniha
Jazyk:English
Vydavateľské údaje: Cham Palgrave Macmillan 2026
Vydanie:1st Edition
Predmet:
Tagy: Pridať tag
Žiadne tagy, Buďte prvý, kto otaguje tento záznam!

MARC

LEADER 00000nam a2200000 4500
001 0315343
005 20260325145547.2
020 |a 9783032060228 
041 0 |a eng 
044 |a CH 
245 1 0 |a Challenges of Global Economic and Social Transformations  |b Financial Markets, Structural Change and Economic Development  |c Editors Gilles Dufrénot and Takashi Matsuki 
250 |a 1st Edition 
264 1 |a Cham  |b Palgrave Macmillan  |c 2026 
300 |a 396 s. 
500 |a ProQuest e-books. 
610 2 0 |a hospodárstvo svetové 
610 2 0 |a politika hospodárska medzinárodná 
610 2 0 |a rozvoj hospodársky 
610 2 0 |a trh finančný medzinárodný 
610 2 0 |a zmeny štruktúrne 
610 2 0 |a Ázia 
610 2 0 |a Čína 
700 1 |a Dufrénot, Gilles 
700 1 |a Matsuki, Takashi